Normal view
MARC view
Entry Personal Name
001 - CONTROL NUMBER
- control field: 7163
003 - CONTROL NUMBER IDENTIFIER
- control field: ARRUPE
005 - DATE AND TIME OF LATEST TRANSACTION
- control field: 20140128142025.0
008 - FIXED-LENGTH DATA ELEMENTS
- fixed length control field: 140128|| aca||aabn | a|a d
040 ## - CATALOGING SOURCE
- Original cataloging agency: ARRUPE
- Transcribing agency: ARRUPE
100 ## - HEADING--PERSONAL NAME
- Personal name: James, C.L.R.
670 ## - SOURCE DATA FOUND
- Source citation: Work cat.: (ARRUPE): James, C.L.R., A History of Pan-African Revolt, 2012